Lecciones de microeconomía para microempresas /

Obra que aborda las herramientas básicas de microeconomía aplicadas a las microempresas en seis lecciones. Contiene: Análisis institucional del desarrollo microempresarial; Producción, costos y aprendizaje; El mercado y la maximización de los beneficios; Evaluación económica y financiera de la micro...

Descripción completa

Guardado en:
Detalles Bibliográficos
Autor principal: Mungaray Lagarda, Alejandro (coordinación)
Otros autores: Ramírez Urquidy, Martín (coordinación) (coordinación)
Formato: Libro
Idioma:Español
Publicado: México : Mexicali, México : Congreso de la Unión, Cámara de Diputados, LIX Legislatura : Miguel Angel Porrúa ; Universidad Autónoma de Baja California 2005, c2005
Colección:(Conocer para Decidir)
(Las Ciencias Sociales Miguel Angel Porrúa. Segunda Década)
Temas:
Etiquetas: Agrega una etiqueta
Sin etiquetas, Sé el primero en etiquetar este registro!

MARC

LEADER 00000nam^a2200000^a^4500
001 000186750
005 20250521000000.0
009 20260310102236.861
020 |a 970-701-460-1 
037 |a Acervo ITESO - Biblioteca 
041 |a ESP 
082 |a 338. 642  |b MUN 
100 |a Mungaray Lagarda, Alejandro  |e (coordinación) 
245 1 0 |a Lecciones de microeconomía para microempresas /  |c Coord. de A. Mungaray Lagarda, M. Ramírez Urquidy. 
264 4 |a México :  |b Congreso de la Unión, Cámara de Diputados, LIX Legislatura :  |b Miguel Angel Porrúa ;  |a Mexicali, México :  |b Universidad Autónoma de Baja California  |c 2005, c2005 
300 |a 191 p. 
336 |a texto  |b txt  |2 rdacontenido 
337 |a sin mediación  |b n  |2 rdamedio 
338 |a volumen  |b nc  |2 rdasoporte 
440 1 |a (Conocer para Decidir) 
440 4 |a (Las Ciencias Sociales Miguel Angel Porrúa.  |p Segunda Década) 
520 |a Obra que aborda las herramientas básicas de microeconomía aplicadas a las microempresas en seis lecciones. Contiene: Análisis institucional del desarrollo microempresarial; Producción, costos y aprendizaje; El mercado y la maximización de los beneficios; Evaluación económica y financiera de la microempresa; Planeación estratégica para microempresas; Aplicación de análisis microeconómico para microempresas. 
649 |a XX 
650 |a Microempresa -  |x Administración 
650 |a Costos 
650 |a Mercado 
650 |a Análisis Económico 
650 |a Planeación Estratégica 
650 |a Microeconomía 
650 |a Economía 
700 |a Ramírez Urquidy, Martín  |e (coordinación) 
910 |a Fondo General 
920 |a Impresos - Libros 
930 |a Colección General 
905 |a 101 
901 |a 0500128637  |b IT1  |c ACC  |u 20250521 
902 |a https://opac.biblio.iteso.mx/vufind/Record/000186750